Countries: After U Quiz Stats

 Plays Quiz Updated Dec 20, 2017

Also try: Countries: After T
Challenge
Share
Tweet
Embed
Score 0/20 Timer 05:00
9 Plays Today
Letter after 'U' Name of Country % Correct
NTunisia
95.2%
RSuriname
93.9%
AGuatemala
93.7%
GPortugal
91.8%
SBelarus
90.3%
-Peru
83.5%
DSaudi Arabia
76.3%
TSouth Sudan
76.3%
ZUzbekistan
74.7%
BCuba
71%
Letter after 'U' Name of Country % Correct
XLuxembourg
67.8%
IGuinea
65.4%
VTuvalu
64%
YGuyana
60.5%
KUkraine
59.2%
EMozambique
53.5%
LBulgaria
46.6%
WKuwait
42%
MBelgium
41%
CSaint Lucia
27.6%

You're not logged in!

Compare scores with friends on all Sporcle quizzes.
OR
Log In

You Might Also Like...

Show Comments

Extras

Top Quizzes Today


Score Distribution

Your Account Isn't Verified!

In order to create a playlist on Sporcle, you need to verify the email address you used during registration. Go to your Sporcle Settings to finish the process.

Report this User

Report this user for behavior that violates our Community Guidelines.

Details: